| 000 | 00722nam a2200265Ia 4500 | ||
|---|---|---|---|
| 003 | OSt | ||
| 005 | 20220918192743.0 | ||
| 006 | a|||||r|||| 00| 0 | ||
| 007 | ta | ||
| 008 | 220917b |||||||| |||| 00| 0 eng d | ||
| 024 | _a70,071 | ||
| 037 | _cTextual | ||
| 040 |
_aARTS _cARTS _beng |
||
| 041 |
_2eng _aeng |
||
| 082 | _aQ8441:33OU8, K9;L8 | ||
| 100 | _aKohli Surinder Singh | ||
| 245 | 0 | _aTravels of Guru Nanak | |
| 250 | _a2nd ed | ||
| 260 |
_aChandigarh _bPub Bureau _c1978 |
||
| 300 |
_axvi,206p. _ccm. |
||
| 500 | _aAppendices (I-VIII) 171-2020p; Bib 203-06p | ||
| 650 | _aRELIGION | ||
| 942 |
_hQ8441:33OU8, K9;L8 _cTEXL _2CC |
||
| 999 |
_c196173 _d196173 |
||